Applied Aspects of Plant Sciences (Record no. 359868)
[ view plain ]
| 000 -LEADER | |
|---|---|
| fixed length control field | 00375nam a22001577a 4500 |
| 005 - DATE AND TIME OF LATEST TRANSACTION | |
| control field | 20241017100643.0 |
| 008 - FIXED-LENGTH DATA ELEMENTS--GENERAL INFORMATION | |
| fixed length control field | 241017b |||||||| |||| 00| 0 eng d |
| 020 ## - INTERNATIONAL STANDARD BOOK NUMBER | |
| International Standard Book Number | 978-93-6109-953-3 |
| 041 ## - LANGUAGE CODE | |
| Language code of text/sound track or separate title | eng |
| 100 ## - MAIN ENTRY--PERSONAL NAME | |
| Author | Dhumal, K. N. & Others |
| 245 ## - TITLE STATEMENT | |
| Title | Applied Aspects of Plant Sciences |
| 250 ## - EDITION STATEMENT | |
| Edition statement | 1st ed. |
| 260 ## - PUBLICATION, DISTRIBUTION, ETC. | |
| Place of publication, distribution, etc. | Pune |
| Name of publisher, distributor, etc. | Nirali |
| 300 ## - PHYSICAL DESCRIPTION | |
| Extent | R.1 |
| 942 ## - ADDED ENTRY ELEMENTS (KOHA) | |
| Koha item type | Books |
| Withdrawn status | Lost status | Source of classification or shelving scheme | Damaged status | Not for loan | Home library | Current library | Date acquired | Vendor | Cost, normal purchase price | Bill number | Total Checkouts | Barcode | Date last seen | Date last checked out | Bill Date | Koha item type | Original Barcode |
|---|---|---|---|---|---|---|---|---|---|---|---|---|---|---|---|---|---|
| Dewey Decimal Classification | Shri Siddhivinayak Mahila Mahavidyalaya | Shri Siddhivinayak Mahila Mahavidyalaya | 17/10/2024 | Nirali | 110.00 | P 66232 | 1 | SSMM-BK-31842 | 06/11/2025 | 03/11/2025 | 17/10/2024 | Books | 010031842 | ||||
| Dewey Decimal Classification | Shri Siddhivinayak Mahila Mahavidyalaya | Shri Siddhivinayak Mahila Mahavidyalaya | 17/10/2024 | Nirali | 110.00 | P 66232 | SSMM-BK-31843 | 13/08/2025 | 17/10/2024 | Books | 010031843 | ||||||
| Dewey Decimal Classification | Shri Siddhivinayak Mahila Mahavidyalaya | Shri Siddhivinayak Mahila Mahavidyalaya | 17/10/2024 | Nirali | 110.00 | P 66232 | 2 | SSMM-BK-31844 | 26/11/2025 | 25/11/2025 | 17/10/2024 | Books | 010031844 | ||||
| Dewey Decimal Classification | Shri Siddhivinayak Mahila Mahavidyalaya | Shri Siddhivinayak Mahila Mahavidyalaya | 17/10/2024 | Nirali | 110.00 | P 66232 | 5 | SSMM-BK-31845 | 26/11/2025 | 25/11/2025 | 17/10/2024 | Books | 010031845 |